|
|
|
|
| LEADER |
00000cam a22000005a 4500 |
| 001 |
vtls010484146 |
| 003 |
SK-MaSNL |
| 005 |
20260302082958.0 |
| 008 |
240318s1955 xr ao |000 0 cze |
| 020 |
|
|
|q (brož.)
|
| 040 |
|
|
|a SNK
|b slo
|c SNK
|e AACR2
|
| 041 |
0 |
|
|a cze
|
| 044 |
|
|
|a xr
|c CZ
|
| 080 |
|
|
|a 738.23
|2 2001
|
| 100 |
1 |
|
|a Vydrová, Jiřina,
|d 1910-
|4 aut
|9 750325
|
| 245 |
1 |
0 |
|a Italská majolika
|c Jiřina Vydrová
|
| 246 |
1 |
1 |
|a Italian majolica
|
| 260 |
|
|
|a Praha
|b Uměleckoprůmyslové museum
|c 1955
|
| 300 |
|
|
|a 58,[4] s., [48] s. obr. príl.
|
| 490 |
0 |
|
|a Odborné katalogy sbírek uměleckoprůmyslového musea
|v sv. 1
|
| 610 |
0 |
1 |
|a Uměleckoprůmyslové muzeum (Praha, Česko)
|9 750326
|
| 650 |
0 |
7 |
|a umelecká keramika
|2 SNKPH
|9 3064
|
| 650 |
0 |
7 |
|a majolika
|2 SNKPH
|9 3067
|
| 852 |
|
|
|a Slovenská národná knižnica v Martine
|b 10000
|c IC 13514
|
| 999 |
|
|
|c 1182113
|d 1184043
|
| 952 |
|
|
|a SNK
|b SNK
|y VYP
|7 0
|p 17A1187976
|o snkIC 13514
|i snkI. 11222/55
|0 0
|1 0
|4 0
|d 2017-06-20
|l 0
|r 2026-02-24 21:43:06
|w 2026-02-24
|